000 00527nam a22001937a 4500
003 KOHA_MİRAKIL
005 20251209082307.0
008 251209b tu ||||| |||| 00| 0 tur d
020 _a9786053207184
040 _aTR-AnABB
_btur
_cTR-AnABB
041 _atur
082 _a523.1
_bKOU 2017
100 1 _aKoupelis, Theo,
245 1 0 _aEvreni anlama serüveni /
_cTheo Koupelis
260 _aAnkara :
_bNobel Akademik Yayıncılık,
_c2017
300 _a614 sayfa ;
_c14 cm
650 0 4 _aEvren
942 _2ddc
_cBK
999 _c9706
_d9706
900 _bGizem YORULMAZ